Statystyki dla Największe miasta w województwie podkarpackim A-Z

Kliknij tutaj aby rozwiązać quiz!

Ogólne statystyki

  • Ten quiz został rozwiązany 5 603 razy
  • Średni wynik to 9 z 18

Statystyki odpowiedzi

#MiastoPopulacja% Poprawnych
RRzeszów195 871
99%
PPrzemyśl58 408
80%
KKrosno45 057
77%
MMielec58 213
70%
TTarnobrzeg44 901
66%
JJarosław36 303
65%
DDębica44 047
64%
SStalowa Wola57 620
61%
ŁŁańcut17 768
56%
UUstrzyki Dolne8 717
46%
LLeżajsk13 164
43%
NNisko14 874
43%
BBrzozów7 366
36%
GGłogów Małopolski10 232
21%
IIwonicz-Zdrój1 619
21%
ZZagórz5 046
17%
CCieszanów1 867
14%
OOleszyce2 875
12%

Rozkład punktacji

Percentyl według liczby udzielonych odpowiedzi

Procent ludzi z każdym wynikiem

Twoja historia wyników

Nie rozwiązałeś tego quizu